Philoktetes /

Bibliographic Details
Main Author: Sophocles
Other Authors: McNamee, Gregory
Format: Book
Language:English
Published: Port Townsend, Wash. : Copper Canyon Press, [1986]

MARC

Tag First Indicator Second Indicator Subfields
LEADER 00000cam a2200000 a 4500
001 in00000009968
005 20151007051609.0
008 870909s1986 wau 00010 eng d
010 |a  86073196  
020 |a 1556590024 (pbk.) 
035 |a (OCoLC)16658892 
035 |9 AAA3804AM 
040 |a TOL  |c TOL  |d TXA  |d UtOrBLW 
041 1 |a eng  |h grc 
049 |a TXAM  |c [A12622182] 
050 4 |a PA4414.P5  |b M3213 1986 
100 0 |a Sophocles. 
240 1 0 |a Philoctetes.  |l English 
245 1 0 |a Philoktetes /  |c Sophokles ; translated by Gregory McNamee. 
264 1 |a Port Townsend, Wash. :  |b Copper Canyon Press,  |c [1986] 
264 4 |c ©1986 
300 |a 76 pages ;  |c 22 cm. 
336 |a text  |b txt  |2 rdacontent 
337 |a unmediated  |b n  |2 rdamedia 
338 |a volume  |b nc  |2 rdacarrier 
700 1 |a McNamee, Gregory. 
999 |a MARS 
999 f f |s db6332ee-9a72-3c2c-ade7-32ccf2bcecf3  |i afc223fe-42b4-3abf-9c41-55252f32f969  |t 0 
952 f f |p normal  |a Texas A&M University  |b College Station  |c Sterling C. Evans Library  |d Evans: Library Stacks  |t 0  |e PA4414.P5 M3213 1986  |h Library of Congress classification  |i unmediated -- volume  |m A14812622182 
998 f f |a PA4414.P5 M3213 1986  |t 0  |l Evans: Library Stacks